Responses for Show #1082 - Tuesday, April 25, 1989

Joel Sacks game 5.

Contestants

[<< previous game]

Janet Sharp Schoon, a music teacher from University Heights, Ohio

Bob McGoff, a history teacher from Scranton, Pennsylvania

Joel Sacks, an administrator from Columbia, Maryland (whose 4-day cash winnings total $50,652)

[next game >>]

Jeopardy! Round responses

HISTORY
IN OTHER WORDS...
RELIGION
TRAVEL & TOURISM
NUMBER, PLEASE
DON KNOTTS
    $100 4
Vienna

Joel
    $100 11
a mosque

Bob
    $100 7
Peking

Joel
    $100 10
Four

Joel
    $100 1
Three's Company

Joel
    $200 12
Canada

Janet
    $200 16
(Alex: The New Testament particularly.)

the Bible

Bob
    $200 8
(Janet: What is Lisbon?)
(Bob: What is Madrid?)
(Joel: What's Rome?)

London, England

JoelBobJanet
Triple Stumper
    $200 20
Eight

Bob
    $200 2
[Joel only said the name of the eponymous actor.]

The Andy Griffith Show

Joel
    $300 13
Russia & Japan

Bob
    $300 17
the Archbishop of Canterbury

Joel
    $300 9
(Joel: Who is Loewe?)
(Janet: Who is Lerner?)
(Bob: Who is Rodgers?)

Oscar Hammerstein

JoelBobJanet
Triple Stumper
    $500 21
(Alex: [Prior to the wager] We've got less than a minute to go, Bob.)

200 million

Bob
    $300 3
Tim Conway

Bob
    $400 14
(Joel: What was the Great March? [*]?)

the Long March

Joel
    $400 18
Taoism

Bob
    $400 23
[The end-of-round signal sounds.]

Francis Marion

Bob
    $400 22
Seventeen

Janet
    $400 5
(Joel: Who is Johnny Carson?)

Steve Allen

Joel
Triple Stumper
    $500 15
Arabic

Triple Stumper
    $500 19
Rastafarians

Joel
    $500 6
astronaut

Triple Stumper

Scores at the first commercial break (after clue 10):

Joel Bob Janet
-$300 -$200 -$500

Scores at the end of the Jeopardy! Round:

Joel Bob Janet
$900 $1,900 $100

Double Jeopardy! Round responses

U.S. SENATORS
WORLD LITERATURE
TEXTILES
SICKNESS & HEALTH
INDIA
THE CIRCUS
    $200 4
(Lloyd) Bentsen

Janet
    $200 20
Chaucer

Joel
    $200 19
cotton

Bob
    $200 1
(Janet: What is anorexia?)
[Accepted as correct; changed to incorrect when the last Daily Double was uncovered.]

bulimia

Janet
Triple Stumper
    $200 9
Pakistan

Bob
    $200 11
a tent (the big top tent)

Joel
    $400 5
Barbara McCloskey (or Nancy Kassebaum)

Joel
    $400 23
Mutiny on the Bounty

Janet
    $1,000 21
(Alex: [*] by The Big Bopper was mentioned on our program yesterday.)

"Chantilly Lace"

Joel
    $400 2
X-rays

Janet
    $400 10
the Ganges

Joel
    $400 12
the Moscow Circus

Janet
    $600 6
(Daniel Patrick) Moynihan

Joel
    $900 24
(Alex: We've got less than a minute to go.)

Goodbye, Mr. Chips

Janet
    $600 22
(Joel: What's Texas?)

South Carolina (or North Carolina)

JoelBob
    $600 3
(Joel: What is a cold?)

the flu (influenza)

JoelBob
    $600 14
the Indian parliament

Triple Stumper
    $600 13
the Wallendas

Bob
    $800 7
(Ernest) Hollings

Joel
    $800 25
James Joyce

Bob
    $800 27
(Janet: What is the warf?)
(Alex: Pardon?)
(Janet: Warf? worf?)

warp

Janet
Triple Stumper
    $800 17
fiber

Janet
    $800 15
Portugal

Bob
    $1000 8
Birch Bayh

Joel
    $1000 26
(John) le Carré

Joel
    $1000 18
shingles

Janet
    $1000 16
sati

Janet
    $1000 28
[The end-of-round signal sounds.]

the circus roustabouts

Triple Stumper

Scores at the end of the Double Jeopardy! Round:

Joel Bob Janet
$5,300 $5,700 $4,200

[wagering suggestions for these scores]

Final Jeopardy! Round responses

FAMOUS ENGLISHMEN
JanetWhat is Mason & Dixon?
$0
JoelWhat are Mason & Dixon?
$5,300
BobWho were Mason & Dixon?
$4,901
Mason & Dixon

Final scores:

Joel Bob Janet
$10,600 $10,601 $4,200
2nd place: trip on Eastern to the Dominican Republic & stay at the Radisson Puerto Playa + Jeopardy! box game of Jeopardy Challenger New champion: $10,601 3rd place: Gibson refrigerator + Jeopardy! box game of Jeopardy Challenger

Game dynamics:

Coryat scores:

Joel Bob Janet
$4,700 $5,500 $3,900
17 R
(including 1 DD),
5 W
15 R
(including 1 DD),
2 W
10 R
(including 1 DD),
4 W

Combined Coryat: $14,100

[game clues] [game scores] [suggest correction]

Game tape date: 1988-12-20
The J! Archive is created by fans, for fans. Scraping, republication, monetization, and malicious use prohibited; this site may use cookies and collect identifying information. See terms. The Jeopardy! game show and all elements thereof, including but not limited to copyright and trademark thereto, are the property of Jeopardy Productions, Inc. and are protected under law. This website is not affiliated with, sponsored by, or operated by Jeopardy Productions, Inc. Join the discussion at JBoard.tv.